La Generalitat de Catalunya i la República Espanyola / F. Maspons i Anglasell
Descripción Física:
31 p. ; 21 cm
MARC
| LEADER | 00000nam a2200000Ia 4500 | ||
|---|---|---|---|
| 001 | 9263 | ||
| 008 | 160829s1932 xx 000 0 cat d | ||
| 080 | |a RF-7-3 | ||
| 100 | |a Maspons i Anglasell, F. |q (Francesc), |d 1872-1966 |9 28415 | ||
| 245 | |a La Generalitat de Catalunya i la República Espanyola / F. Maspons i Anglasell | ||
| 260 | |a Barcelona : |b (Tip. Occitània), |c 1932 | ||
| 300 | |a 31 p. ; |c 21 cm | ||
| 610 | 1 | 0 | |a Catalunya. |b Generalitat |x Història |9 56412 |
| 651 | 0 | |a Catalunya |x Història |y 1931-1939, Segona República |9 53541 | |
| 856 | 4 | |u https://media.diba.cat/diba/fitxers/arxiu/fulletons/bib_9263_1932_baixa.pdf |y Accés lliure | |
| 856 | 4 | |u https://media.diba.cat/diba/fitxers/arxiu/fulletons/bib_9263_1932_baixa.pdf |y Accés lliure | |
| 901 | |a Arxiu | ||
| 942 | |n 1 |2 udc | ||
| 952 | |0 0 |1 0 |4 0 |6 RF73 |7 1 |9 45015 |a Arxiu |b Arxiu |d 2016-12-01 |l 0 |o RF-7-3 |p 9263 |r 2016-12-01 00:00:00 |w 2016-12-01 |y ARXIU | ||
| 999 | |c 47619 |d 47619 | ||
| 900 | |a bib_9263_1932_baixa.pdf | ||